000 00652nam a2200193Ia 4500
008 151119s9999||||xx |||||||||||||| ||und||
082 _a616
082 _bGKKV23531
100 _aगाला धा रा
245 _aह्दयरोग टाळा व दीर्घायुषी बना
260 _a--
260 _b--
260 _c0
600 _aगाला धा रा
630 _aह्दयरोग टाळा व दीर्घायुषी बना
700 _aगाला धा रा
730 _aह्दयरोग टाळा व दीर्घायुषी बना
942 _cBOOK
999 _c1076171
_d1076168